Catholic University of Zimbabwe Library
Online Public Access Catalogue
(OPAC)

the Green Knight. (Record no. 3647)

MARC details
000 -LEADER
fixed length control field 00920cam a2200241u 4500
001 - CONTROL NUMBER
control field 0000003792
005 - DATE AND TIME OF LATEST TRANSACTION
control field 20170406115316.0
008 - FIXED-LENGTH DATA ELEMENTS--GENERAL INFORMATION
fixed length control field 860530s1965 xx 000 0 enm
010 ## - LIBRARY OF CONGRESS CONTROL NUMBER
LC control number r 66001801
035 ## - SYSTEM CONTROL NUMBER
-- (DLC)r 66001801
040 ## - CATALOGING SOURCE
Original cataloging agency DLC
Transcribing agency CarP
Modifying agency DLC
100 1# - MAIN ENTRY--PERSONAL NAME
Personal name Sir Gawain.
130 0# - MAIN ENTRY--UNIFORM TITLE
Uniform title Sir Gawain and the Green Knight.
Form subheading Selections.
245 15 - TITLE STATEMENT
Title the Green Knight.
Medium [Sound recording]
260 ## - PUBLICATION, DISTRIBUTION, ETC.
Place of publication, distribution, etc. LONDON :
Name of publisher, distributor, etc. Clarendon pres. [1965]
500 ## - GENERAL NOTE
General note Read in Middle English by Marie Borroff and J. B. Bessinger, Jr.
500 ## - GENERAL NOTE
General note Program notes by narrators on slipcase.
500 ## - GENERAL NOTE
General note Text (p. [3]-13) edited by Sir Israel Gollancz and E. V. Gordon with modern English translation by M. Borroff inserted in slipcase.
500 ## - GENERAL NOTE
General note With: Pearl (Middle English poem) Dialogues from Pearl.
700 1# - ADDED ENTRY--PERSONAL NAME
Personal name Borroff, Marie.
700 1# - ADDED ENTRY--PERSONAL NAME
Personal name Bessinger, J. B. [from old catalog]
908 ## - PUT COMMAND PARAMETER (RLIN)
Put command parameter 140711
Holdings
Withdrawn status Lost status Source of classification or shelving scheme Damaged status Not for loan Home library Current library Shelving location Date acquired Total Checkouts Full call number Barcode Date last seen Price effective from Koha item type
          CUZ Harare Campus CUZ Harare Campus Open Shelf 06.04.2017   PR 2065. G3 BK00004419 22.05.2025 06.04.2017 OS Book

OPENING HOURS

Weekdays: 0815hrs - 1800hrs
Weekends:0900hrs - 1200hrs

Closed for Mass:

Mon, Thur: 1200hrs - 1300hrs
Sunday & Public Holiday’s

CALL SUPPORT

0242-570570, 0242-570169
09200664, +263 8644140602

LOCATION

18443, Cranborne Avenue, Hatfield, Harare

Other Links


©2021 | CUZ Library